| 000 | 00405 a2200145 4500 | ||
|---|---|---|---|
| 999 |
_c5842 _d5842 |
||
| 020 | _a9382226222 | ||
| 050 | _aSH156STR2013 | ||
| 100 |
_aStasbourg ,Louis K _eauthor |
||
| 245 |
_aFish feeding in integrated fish farming / _cLouis K Strasbourg |
||
| 264 |
_aNew Delhi : _bRandom Exports, _c2013 |
||
| 300 | _a272 p. : | ||
| 500 | _aincludes index | ||
| 650 | _afish feeding | ||
| 942 |
_2lcc _cBK _h156 _iSTR _kSH |
||